000 01162nam a2200325 i 4500
003 EG-GICUC
005 20260121101714.0
008 260111s1973 ua ||||fr|||| 00| 0 ara d
017 _a73/4257
040 _a EG-GICUC
_bara
_c EG-GICUC
_d EG-GICUC
_erda
041 0 _aara
082 0 4 _221
_a345.3
_bس ا . ن
092 0 4 _221
099 _aLaw1 07 345.3 س ا . ن 1973
100 0 _aساطع رسلان
_eمؤلف.
245 1 2 _aالنظام الإداري في اليابان /
_cإعداد ساطع رسلان
264 1 _aالقاهرة:
_bالمنظمة العريبة للعلوم الإدارية ،
_c1973.
300 _a127 ؛صفحة
_c24 سم
336 _2rda content
_atext
337 _2rda media
_aComputer
338 _2rda carrier
_aOnline Resource
490 _3152
504 _a. 125 ببليوجرافيا: صفحات.
546 _aالنص أغلبه باللغة العربية بعض النصوص الإنجليزية والفرنسية
650 1 _aالقانون الإداري
_2qrmak
651 1 _2qrmak
856 4 0 _uhttps://fll.law.cu.edu.eg/fulltext/bks/B07-00159.pdf
905 _a74
942 _2ddc
_n0
_cBK
_e21
999 _c56188
_d56188